Normal view
MARC view
- PERSONAL MANAGEMENT ADDRESSES ASSAYS LECTURES
Entry Topical Term
001 - CONTROL NUMBER
- control field: 74074
003 - CONTROL NUMBER IDENTIFIER
- control field: NUST
005 - DATE AND TIME OF LATEST TRANSACTION
- control field: 20210628205127.0
008 - FIXED-LENGTH DATA ELEMENTS
- fixed length control field: 210628|| aca||aabn | a|a d
040 ## - CATALOGING SOURCE
- Original cataloging agency: NUST
- Transcribing agency: NUST
150 ## - HEADING--TOPICAL TERM
- Topical term or geographic name entry element: PERSONAL MANAGEMENT ADDRESSES ASSAYS LECTURES
670 ## - SOURCE DATA FOUND
- Source citation: Work cat.: (NUST): KATZ, RALPH 36252, CAREER ISSUES IN HUMAN RESOURCE MANAGEMENT, 1982
